000 00765nam0a22002411 4500
001 rc\4752443
005 20260407112159.0
035 _a(NLR Aleph) 008993667
090 _a9262756
_c9262756
100 _a20130417d1963 |||y0rusy50 ca
101 0 _arus
102 _aRU
105 _ay z |||||
200 1 _aСборник приказов и инструкций
_fМ-во прос. Лит. ССР
210 _aВильнюс
_cБ. и.
_d1963
215 _a66 с.
_d22
333 _aДля служебного пользования
710 0 1 _aЛитССР
_bМинистерство просвещения
_3RU\NLR\AUTH\8810064191
_9629971
801 0 _aRU
_bNLR
_gpsbo
801 1 _aRU
_bELAR
_2rusmarc
852 _aNLR
_j63-6/9661
942 _cBOOK
980 _aNB